Violence, martyrdom, and partition : (Record no. 26887)

MARC details
000 -LEADER
fixed length control field 02123nam a22003735a 4500
005 - DATE AND TIME OF LATEST TRANSACTION
control field 20090528122430.0
008 - FIXED-LENGTH DATA ELEMENTS--GENERAL INFORMATION
fixed length control field 090429s2009 ii ab b 001 0 eng
010 ## - LCCN (DPL NO)
LC control number ENG-93779
020 ## - INTERNATIONAL STANDARD BOOK NUMBER
International Standard Book Number 0195699343
Terms of availability 695.00
020 ## - INTERNATIONAL STANDARD BOOK NUMBER
International Standard Book Number 9780195699340
Terms of availability 695.00
035 ## - SYSTEM CONTROL NUMBER
System control number EN-77312
035 ## - SYSTEM CONTROL NUMBER
System control number B-360919-922
037 ## - SOURCE OF ACQUISITION
Source of stock number/acquisition DBAD / PUB
037 ## - SOURCE OF ACQUISITION
Source of stock number/acquisition Uppal Book Store
040 ## - CATALOGING SOURCE
Original cataloging agency dpl
Language of cataloging English
082 ## - DEWEY DECIMAL CLASSIFICATION NUMBER
Classification number 954.0842092
100 ## - MAIN ENTRY--PERSONAL NAME
Personal name Datta, Nonica.
245 ## - TITLE STATEMENT
Title Violence, martyrdom, and partition :
Remainder of title a daughter's testimony /
Statement of responsibility, etc by Nonica Datta
260 ## - PUBLICATION, DISTRIBUTION, ETC. (IMPRINT)
Place of publication, distribution, etc New Delhi
Name of publisher, distributor, etc Oxford University Press
Date of publication, distribution, etc 2009
270 ## - ADDRESS
Address YMCA Library Building, Jai Singh Road,
City New Delhi
Postal code 110001
300 ## - PHYSICAL DESCRIPTION
Extent xv, 235 p. :
Other physical details ill., 1 folded map ;
Dimensions 23cm(Hb)
500 ## - GENERAL NOTE
General note Includes glossary and index
600 ## - SUBJECT ADDED ENTRY--PERSONAL NAME
Personal name Subhāshiṇī,
Dates associated with a name 1914-2003.
651 ## - SUBJECT ADDED ENTRY--GEOGRAPHIC NAME
Geographic name India
General subdivision History
Chronological subdivision Partition, 1947.
651 ## - SUBJECT ADDED ENTRY--GEOGRAPHIC NAME
Geographic name India
General subdivision Ethnic relations.
651 ## - SUBJECT ADDED ENTRY--GEOGRAPHIC NAME
Geographic name Haryana (India)
General subdivision History
Chronological subdivision 20th century.
942 ## - ADDED ENTRY ELEMENTS (KOHA)
Source of classification or shelving scheme Dewey Decimal Classification
Item type English Books
Call number suffix DAT
Classification part 954.0842092
Holdings
Withdrawn status Lost status Source of classification or shelving scheme Damaged status Not for loan Collection code Home library Current library Date acquired Source of acquisition Cost, normal purchase price Total Checkouts Full call number Barcode Date last seen Copy number Cost, replacement price Koha item type Total Renewals
    Dewey Decimal Classification   Not For Loan Non-fiction D.B.Act.Division D.B.Act.Division 28/05/2009 DBAD / PUB 695.00   954.0842092 DAT EN-77312 28/05/2009 1 695.00 English Books  
    Dewey Decimal Classification     Non-fiction Karol Bagh Karol Bagh 08/04/2010 Uppal Book Store/9014/26.10.09/128/16.10.09/26.10.09 695.00 6 954.0842092 DAT B-360921 18/09/2020 1 695.00 English Books 6
    Dewey Decimal Classification     Non-fiction Patel Nagar Patel Nagar 08/04/2010 Uppal Book Store/9014/26.10.09/128/16.10.09/26.10.09 695.00   954.0842092 DAT B-360919 08/04/2010 1 695.00 English Books  
    Dewey Decimal Classification     Non-fiction Patel Nagar Patel Nagar 08/04/2010 Uppal Book Store/9014/26.10.09/128/16.10.09/26.10.09 695.00 1 954.0842092 DAT B-360920 27/06/2019 1 695.00 English Books  
    Dewey Decimal Classification     Non-fiction Shahdara Branch Shahdara Branch 08/04/2010 Uppal Book Store/9014/26.10.09/128/16.10.09/26.10.09 695.00 2 954.0842092 DAT B-360922 29/10/2020 1 695.00 English Books  

© Delhi Public Library
Hit Counter
free hit counter